01287nam a22002657a 4500003000900000008004100009040007100050082002700121110003300148245005200181260008200233300002800315440008900343505034100432650001600773650003200789650002600821650002400847700001900871700001700890700002100907700002300928700003600951700003400987AR-CdUCM190425b ||||| |||| 00| 0 spa d aMUNICIPALIDAD PROVINCIAL DEL CUSCOcBIBLIOTECA MUNICIPAL DEL CUSCO aPast.Andina/N°16/1976 aInstituto de Pastoral Andina aPastoral Andina /cInstituto de Pastoral Andina aCusco :bInstituto de Pastoral Andina,bImprenta Prelatura de Sicuani,c1976. a36 páginas. :c21 cm. aBoletín bimestral del Instituto de Pastoral Andina Cusco.nN°16, abril-mayo 1976. aContenido: Presupuestos teóricos para el estudio del mundo andino. Ludolfo Ojeda. -- Señalakuy en Totorani. Juan Hugues. -- Historia breve del pueblo Aymara. Domingo Llanque y Francisco McGourn. -- Apu Sawasiray y el qolla Mariano inkilli. Ricardo Valderrama y Carmen Escalante. -- Plan operativo de la Pastoral. Prelatura de Juli.  aCatolicismo aEvangelización católica aReligión católica aReligiosidad andina aOjeda, Ludolfo aHugues, Juan aLlanque, Domingo aMcGourn, Francisco aValderrama Fernández, Ricardo aEscalante Gutiérrez, Carmen